Vývojové tendencie skladového hospodárstva do roku 1980 dodatok
Guardado en:
| Formato: | Libro |
|---|---|
| Lenguaje: | eslovaco |
| Publicado: |
Bratislava
Slovenská vedecko-technická spoločnosť
1975
|
| Etiquetas: |
Sin Etiquetas, Sea el primero en etiquetar este registro!
|
MARC
| LEADER | 00000nam a2200000 4500 | ||
|---|---|---|---|
| 001 | c120303 | ||
| 005 | 20041019155216.6 | ||
| 041 | 0 | |a slo | |
| 044 | |a SK | ||
| 245 | 1 | 0 | |a Vývojové tendencie skladového hospodárstva do roku 1980 |b dodatok |
| 264 | 1 | |a Bratislava |b Slovenská vedecko-technická spoločnosť |c 1975 | |
| 300 | |a 34 s. | ||